Pharmaceutical Organic Chemistry - III (Record no. 33833)
[ view plain ]
| 000 -LEADER | |
|---|---|
| fixed length control field | 00337nam a2200133Ia 4500 |
| 008 - FIXED-LENGTH DATA ELEMENTS--GENERAL INFORMATION | |
| fixed length control field | 220204s9999 xx 000 0 und d |
| 020 ## - INTERNATIONAL STANDARD BOOK NUMBER | |
| International Standard Book Number | 9789389944549 |
| 082 ## - DEWEY DECIMAL CLASSIFICATION NUMBER | |
| Classification number | 615.5 |
| Item number | Mal-P |
| 100 ## - MAIN ENTRY--PERSONAL NAME | |
| Personal name | Maliye N. Amit Dr. |
| 245 #0 - TITLE STATEMENT | |
| Title | Pharmaceutical Organic Chemistry - III |
| 260 ## - PUBLICATION, DISTRIBUTION, ETC. | |
| Place of publication, distribution, etc. | Delhi |
| Name of publisher, distributor, etc. | Nirali Prakashan |
| 300 ## - PHYSICAL DESCRIPTION | |
| Extent | 5.24 |
| 942 ## - ADDED ENTRY ELEMENTS (KOHA) | |
| Koha item type | Book |
| Withdrawn status | Lost status | Damaged status | Not for loan | Collection code | Permanent Location | Current Location | Shelving location | Date acquired | Cost, normal purchase price | Total Checkouts | Full call number | Barcode | Date last seen | Date last checked out | Price effective from | Koha item type |
|---|---|---|---|---|---|---|---|---|---|---|---|---|---|---|---|---|
| Maharishi School of Pharmaceutical Science (Lucknow) | Maharishi School of Pharmaceutical Science (Lucknow) | R6S5 | 2022-02-04 | 160.00 | 1 | 615.3 MAL-P | SOPH1821 | 2025-02-05 | 2025-01-31 | 2022-02-04 | Book | |||||
| Maharishi School of Pharmaceutical Science (Lucknow) | Maharishi School of Pharmaceutical Science (Lucknow) | R6S5 | 2022-02-04 | 160.00 | 615.3 MAL-P | SOPH1822 | 2022-02-04 | 2022-02-04 | Book | |||||||
| Maharishi School of Pharmaceutical Science (Lucknow) | Maharishi School of Pharmaceutical Science (Lucknow) | R6S5 | 2022-02-04 | 160.00 | 615.3 MAL-P | SOPH1823 | 2022-02-04 | 2022-02-04 | Book | |||||||
| Maharishi School of Pharmaceutical Science (Lucknow) | Maharishi School of Pharmaceutical Science (Lucknow) | R6S5 | 2022-02-04 | 160.00 | 1 | 615.3 MAL-P | SOPH1824 | 2025-10-03 | 2025-10-03 | 2022-02-04 | Book | |||||
| Maharishi School of Pharmaceutical Science (Lucknow) | Maharishi School of Pharmaceutical Science (Lucknow) | R6S5 | 2022-02-04 | 160.00 | 1 | 615.3 MAL-P | SOPH1825 | 2025-02-20 | 2025-02-01 | 2022-02-04 | Book |